000 00680cam a22002413a 4500
001 29921
003 PGUSA
005 20140828083639.0
008 090906s2009||||xxu|||||s|||||000 | eng d
040 _aPGUSA
_beng
042 _adc
050 4 _aGR
100 1 _aTaylor, Benjamin
245 1 0 _aStoryology :
_bEssays in Folk-Lore, Sea-Lore, and Plant-Lore
_h[electronic resource] /
_cBenjamin Taylor
260 _bProject Gutenberg,
_c2009
506 _aPublic domain in the USA.
516 _aElectronic text
653 _aPlants -- Folklore
653 _aFolklore
830 0 _aProject Gutenberg
_v29921
856 4 0 _uhttp://www.gutenberg.org/ebooks/29921
942 _cEB
999 _c259176
_d259176